TE AMO SAYANG / (Record no. 189486)

MARC details
000 -LEADER
fixed length control field 01371pam a2200421 i 4500
001 - CONTROL NUMBER
control field vtls000678661
003 - CONTROL NUMBER IDENTIFIER
control field PNM
005 - DATE AND TIME OF LATEST TRANSACTION
control field 20221218094438.0
008 - FIXED-LENGTH DATA ELEMENTS--GENERAL INFORMATION
fixed length control field 120528s2012 my | e | 000 f may
015 ## - NATIONAL BIBLIOGRAPHY NUMBER
National bibliography number M12-13165
020 ## - INTERNATIONAL STANDARD BOOK NUMBER
International Standard Book Number 9789670342702 (kkt.) :
Qualifying information paperback
Terms of availability RM00.00
039 #9 - LEVEL OF BIBLIOGRAPHIC CONTROL AND CODING DETAIL [OBSOLETE]
Level of rules in bibliographic description 201211121410
Level of effort used to assign nonsubject heading access points aidayas
Level of effort used to assign subject headings 201211121045
Level of effort used to assign classification aidayas
Level of effort used to assign subject headings 201211120933
Level of effort used to assign classification nooraini
Level of effort used to assign subject headings 201210301503
Level of effort used to assign classification iliza
040 ## - CATALOGING SOURCE
Original cataloging agency BNM
Language of cataloging eng
Transcribing agency PNM
Modifying agency PPAK
Description conventions rda
049 ## - LOCAL HOLDINGS (OCLC)
Holding library klpmal
082 04 - DEWEY DECIMAL CLASSIFICATION NUMBER
Classification number 899.2333
Edition number 23
090 00 - LOCALLY ASSIGNED LC-TYPE CALL NUMBER (OCLC); LOCAL CALL NUMBER (RLIN)
Classification number (OCLC) (R) ; Classification number, CALL (RLIN) (NR) 899.2333
Feature heading ADR
Feature heading G
100 0# - MAIN ENTRY--PERSONAL NAME
Personal name Adra Adlina,
Relator term author.
245 10 - TITLE STATEMENT
Title TE AMO SAYANG /
Statement of responsibility, etc. ADRA ADLINA ; Editor: Norsuraya Desa
260 ## - PUBLICATION, DISTRIBUTION, ETC.
Place of publication, distribution, etc. Shah Alam :
Name of publisher, distributor, etc. Grupbuku Karangkraf (Buku Prima),
Date of publication, distribution, etc. 2012
300 ## - PHYSICAL DESCRIPTION
Extent 444 pages ;
Dimensions 19cm
336 ## - CONTENT TYPE
Content type term text
Source rdacontent
337 ## - MEDIA TYPE
Media type term unmediated
Source rdamedia
338 ## - CARRIER TYPE
Carrier type term volume
Source rdacarrier
650 10 - SUBJECT ADDED ENTRY--TOPICAL TERM
Topical term or geographic name entry element Malaysian fiction (Malay)
Topical term or geographic name entry element Malay fiction
700 0# - ADDED ENTRY--PERSONAL NAME
Personal name Norsuraya Desa,
Relator term editor.
942 ## - ADDED ENTRY ELEMENTS (KOHA)
Source of classification or shelving scheme Dewey Decimal Classification
Koha item type Book
949 ## - LOCAL PROCESSING INFORMATION (OCLC)
6 2000348943
a 899.2333 ADR M
e 2035170
6 2000348942
a 899.2333 ADR M
e 2035171
6 1000856229
e 2035172
6 1000856230
e 2035173
6 1000856231
e 2035174
s 5700:20210309
6 1000856232
e 2035175
6 1000856233
e 2035176
6 1000856234
e 2035177
6 2000376200
a 899.2333 ADR M
6 2000376201
a 899.2333 ADR M
Holdings
Withdrawn Not for loan Current library Shelving location Date acquired Total Checkouts Total Renewals Full call number Barcode Checked out Date last seen Date last checked out Koha item type
    Perpustakaan Alor Setar Pinjaman Dewasa 11/12/2022 13 1 899.2333 ADR A00746825 26/05/2026 05/05/2026 05/05/2026 Book